000 00430nam a2200181Ia 4500
001 9779
005 20260306161743.0
008 260306t2010||||xx |||||||||||||| ||spa||
041 _aESP
082 _a425
_bE355
100 _aEmmerson, Paul
_eAUT
245 0 _aFive-minute activities for business english
260 _c2010
300 _axii, 112 páginas :
_c
650 _aGEN
654 _aCHU
942 _cLIB
_dJUS
_fJUS
_2ddc
_n
999 _c9779
_d9779